Literatura infantil y lenguaje literario /

Se pretende dilucidar en el ámbito de las publicaciones para niños, que efectos de construcción de sentido han de funcionar para que la práctica de la escritura no reprima la práctica creativa del niño como autor literario. Se proponen criterios para la construcción de una teoría y crítica dela lite...

Celý popis

Uloženo v:
Podrobná bibliografie
Hlavní autor: Sánchez Corral, Luis (autor)
Médium: Kniha
Jazyk:španělština
Vydáno: Barcelona, España : Paidós, 1995
Edice:(Papeles de Pedagogía ; 23)
Témata:
Tagy: Přidat tag
Žádné tagy, Buďte první, kdo vytvoří štítek k tomuto záznamu!

MARC

LEADER 00000nam^a2200000^a^4500
001 000048921
005 20250521000000.0
009 20260310090147.619
020 |a 84-493-0139-4 
037 |a Acervo ITESO - Biblioteca 
041 |a ESP 
082 |a 809. 89282  |b SAN 
100 |a Sánchez Corral, Luis  |e (autor) 
245 1 0 |a Literatura infantil y lenguaje literario /  |c L. Sánchez Corral. 
264 1 |a Barcelona, España :  |b Paidós,  |c 1995 
300 |a 234 p. 
336 |a texto  |b txt  |2 rdacontenido 
337 |a sin mediación  |b n  |2 rdamedio 
338 |a volumen  |b nc  |2 rdasoporte 
440 1 |a (Papeles de Pedagogía ;  |v 23) 
520 |a Se pretende dilucidar en el ámbito de las publicaciones para niños, que efectos de construcción de sentido han de funcionar para que la práctica de la escritura no reprima la práctica creativa del niño como autor literario. Se proponen criterios para la construcción de una teoría y crítica dela literatura infantil. 
649 |a XX 
650 |a Literatura -  |x Historia y Crítica 
650 |a Literatura Infantil -  |x Teoría 
650 |a Redacción -  |x Estudio y Enseñanza 
650 |a Comunicación Escrita 
650 |a Estilo Literario 
650 |a Educación Primaria 
910 |a Fondo General 
920 |a Impresos - Libros 
930 |a Colección General 
940 |a Literatura 
905 |a 101 
901 |a 0500004798  |b IT1  |c LIT  |u 20250521 
902 |a https://opac.biblio.iteso.mx/vufind/Record/000048921